Culture in the Crosshairs: A Metaphorical Analysis of the Speeches of the Minister of Culture, Martina Šimkovičová, and the Reactions of the Opposition and the Artistic Community

Zameranie sa na konceptuálne metafory v politickom a kultúrnom diskurze na Slovensku, s osobitným dôrazom na verejné vyhlásenia ministerky kultúry Martiny Šimkovičovej a následné reakcie opozície, umelcov a kultúrnej komunity. Identifikácia a interpretácia jazykových rámcov, ktoré formujú verejnú di...

Ausführliche Beschreibung

Gespeichert in:
Bibliographische Detailangaben
1. Verfasser: Pavlíková, Žaneta, 1973-
Format: Buchkapitel
Sprache:Englisch
Schlagworte:
Tags: Tag hinzufügen
Keine Tags, Fügen Sie das erste Tag hinzu!

MARC

LEADER 00000naa$a2200000$$$4500
001 0313866
005 20260317082158.3
041 0 |a eng 
044 |a SK 
245 1 0 |a Culture in the Crosshairs: A Metaphorical Analysis of the Speeches of the Minister of Culture, Martina Šimkovičová, and the Reactions of the Opposition and the Artistic Community  |c Žaneta Pavlíková 
520 |a Zameranie sa na konceptuálne metafory v politickom a kultúrnom diskurze na Slovensku, s osobitným dôrazom na verejné vyhlásenia ministerky kultúry Martiny Šimkovičovej a následné reakcie opozície, umelcov a kultúrnej komunity. Identifikácia a interpretácia jazykových rámcov, ktoré formujú verejnú diskusiu o kultúre, a zároveň analýza metafor, ktoré zohrávajú kľúčovú úlohu pri polarizácii spoločnosti a konštruovaní ideologických pozícií. 
610 2 0 |a kultúra 
610 2 0 |a politika 
610 2 0 |a rétorika 
610 2 0 |a jazykoveda 
100 1 |a Pavlíková, Žaneta, 1973-